| 000 | 00548nam a22001812 4500 | ||
|---|---|---|---|
| 001 | 0000003519 | ||
| 005 | 20151217155823.0 | ||
| 008 | 070509s xx 000 0 eng d | ||
| 040 |
_aKABU _cKABU |
||
| 050 | 0 |
_aLA1564 _b.C43 |
|
| 245 | 1 | 0 |
_aChallenges of implementing free primary education in Kenya : _bexperiences from the districts. |
| 260 |
_aNairobi : _bUnesco, _c2005. |
||
| 300 | _a294 p. | ||
| 650 | 0 |
_aEducation, Primary _zKenya. _@0000153495 |
|
| 908 | _a070509 | ||
| 950 | _@1 | ||
| 999 |
_c12876 _d12876 |
||